Normal view
MARC view
- إرمان، أدولف ؛ ترجمة: عبد المنعم أبو بكر ، محمد أنور شكري
Entry Personal Name
001 - CONTROL NUMBER
- control field: 57089
003 - CONTROL NUMBER IDENTIFIER
- control field: JO-AjAnu
005 - DATE AND TIME OF LATEST TRANSACTION
- control field: 20230606083342.0
008 - FIXED-LENGTH DATA ELEMENTS
- fixed length control field: 230606|| aca||aabn | a|a d
040 ## - CATALOGING SOURCE
- Original cataloging agency: JO-AjAnu
- Transcribing agency: JO-AjAnu
100 ## - HEADING--PERSONAL NAME
- Personal name: إرمان، أدولف ؛ ترجمة: عبد المنعم أبو بكر ، محمد أنور شكري
670 ## - SOURCE DATA FOUND
- Source citation: Work cat.: (JO-AjAnu)29130: إرمان، أدولف ؛ ترجمة: عبد المنعم أبو بكر ، محمد أنور شكري, author, ديانة مصر القديمة : نشأتها وتطورها ونهايتها في أربعة الآف سنة